UBT Library

CHAMPs : (Record no. 40614)

000 -LEADER
fixed length control field 00844cam a2200253 a 4500
001 - CONTROL NUMBER
control field 12197219
005 - DATE AND TIME OF LATEST TRANSACTION
control field 20180119085151.0
008 - FIXED-LENGTH DATA ELEMENTS--GENERAL INFORMATION
fixed length control field 001006s1998 coua b 000 0 eng d
010 ## - LIBRARY OF CONGRESS CONTROL NUMBER
LC control number 00709418
020 ## - INTERNATIONAL STANDARD BOOK NUMBER
International Standard Book Number 157035166X
035 ## - SYSTEM CONTROL NUMBER
System control number (OCoLC)ocm40197485
040 ## - CATALOGING SOURCE
Original cataloging agency WAU
Transcribing agency WAU
Modifying agency DLC
041 ## - LANGUAGE CODE
Language code of text/sound track or separate title eng
042 ## - AUTHENTICATION CODE
Authentication code lccopycat
080 ## - UNIVERSAL DECIMAL CLASSIFICATION NUMBER
Universal Decimal Classification number 371.1024 RAN
082 00 - DEWEY DECIMAL CLASSIFICATION NUMBER
Classification number 371.1024 RAN
Edition number 21
100 1# - Rafti
Rafti 47
101 ## - Shkurtesa
Shkurtesa EDU
245 10 - TITLE STATEMENT
Title CHAMPs :
Statement of responsibility, etc Randall Sprick, Mickey Garrison, Lisa Howard.
504 ## - BIBLIOGRAPHY, ETC. NOTE
Bibliography, etc Includes bibliographical references (p. 461-469).
906 ## - LOCAL DATA ELEMENT F, LDF (RLIN)
a 7
b cbc
c copycat
d 2
e ncip
f 20
g y-gencatlg
942 ## - ADDED ENTRY ELEMENTS (KOHA)
Source of classification or shelving scheme
Item type Books
Holdings
Withdrawn status Lost status Source of classification or shelving scheme Damaged status Not for loan Collection code Permanent location Current location Shelving location Date acquired Total Checkouts Full call number Barcode Date last seen Price effective from Koha item type
          Koleksioni i përgjithshem UBT - Lipjan UBT - Lipjan Koleksioni i përgjithshem 01/19/2018   371.1024 RAN 002-2995994 01/19/2018 01/19/2018 Books
UBT Library © 2015-2024. All rights reserved University Education for Business and Technology